000 00825nam a2200289Ia 4500
003 OSt
005 20221007102020.0
006 a|||||r|||| 00| 0
007 ta
008 221006b |||||||| |||| 00| 0 eng d
020 _a8187197206
024 _a9,185
037 _cReference Collections
040 _aLCO
_cLCO
_beng
041 _2eng
_aeng
082 _aZ2,1,16, P2
100 _aGupta H P
245 0 _aLaw Relating to Press and Sedition in India also containing Poto,2001
250 _a1st
260 _aNew
_bDelhi Orient Publishing Comp. India
_c2002
300 _a580
650 _a PRESS AND SEDITION POTO
_9704148
650 _aPRESS
_9651097
700 _a Sarkar P K
_9187603
942 _hZ2,1,16, P2
_cREF
999 _c1178748
_d1178748